000 00500nam a2200181Ia 4500
008 090124s9999 xx 000 0 und d
082 _b33593
100 _aमोरे दामोदर
245 _a विमुक्त
250 _a0
260 _bजागर प्रकाशन
300 _a72
600 _aमोरे दामोदर
630 _a विमुक्त
700 _aमोरे दामोदर
730 _a विमुक्त
942 _cBOOK
999 _c99510
_d99510